000 01477nas a2200277Ia 4500
001 R050-R9949
003 IT-CnALBA
008 170116c99999999xx |||||||||||| ||und||
040 _aIT-CnALBA
_cIT-CnALBA
041 _aPOLIGLOTTA
100 _aBERTETTO D. DOMENICO, SDB.
210 _aSALESIANUM
222 _aSALESIANUM
245 0 _aSALESIANUM. LUGLIO SETTEMBRE 1966. ATENEO SALESIANO ROMA. TEOLOGIA FILOSOFIA.
250 _a1a ed.
260 _a TO BO CT PA
_bSOCIETÀ ED. INTER.
_c1966 [1° Ed.:1966 - Ed.Ling.Originale: 1966]
300 _a144 p.
310 _aTRIMESTRALE
362 _aFascicolo: 3 / Anno: 28 (1966)
500 _aIL MAGISTERO MARIANO DI PAOLO VI NEI PRIMI TRE ANNI DI PONTIFICATO. PIETRO BOHIER VESCOVO, RIFORMATORE ALL'INIZIO DEL SCISMO D'OCCIDENTE. BOSIA G. LA DOTTRINA SPIRITUALE DI S. IGNAZIO D'ANTIOCHIA. STELLA P. STORIA E PREISTORIA DELLE MASSIME ETERNE DI S. ALFONSO. RECENSIONI DI TEOLOGIA E FILOSOFIA. BIBLIOGRAFIA.
501 _aSocietà San Paolo EM - Piazza San Paolo, 14 - 12051 ALBA (CN) (non commercial uses only) ® Copyright 2017
520 _aIL MAGISTERO MARIANO DI PAOLO VI NEI PRIMI TRE ANNI DI PONTIFICATO. PIETRO BOHIER VESCOVO, RIFORMATORE ALL'INIZIO DEL SCISMO D'OCCIDENTE. BOSIA G. LA DOTTRINA SPIRITUALE DI S. IGNAZIO D'ANTIOCHIA. STELLA P. STORIA E PREISTORIA DELLE MASSIME ETERNE DI S. ALFONSO. RECENSIONI DI TEOLOGIA E FILOSOFIA. BIBLIOGRAFIA.
650 _aTEOLOGIA
942 _cCR
957 _71
999 _a61516
_bNO
_g1
_c328542
_d328542